| 000 | 00789nam a2200205 a 4500 | ||
|---|---|---|---|
| 003 | 0 | ||
| 005 | 20250310145657.0 | ||
| 008 | 080827s19uu xx 00 eng d | ||
| 050 |
_aPGS LB 1050.5.I58 _b.M685 2008 |
||
| 100 | _aMizukoshi, Lika Paez. | ||
| 245 |
_aEffects of C.I.B.E.R. on students' reading skills / _cLika Paez Mizukoshi. |
||
| 260 |
_aLas PiƱas City, Philippines : _bSouthville International School and Colleges, _c2008. |
||
| 300 |
_a27 pages : _billustrations ; _c28 cm. |
||
| 504 | _aIncludes bibliographical references. | ||
| 650 |
_aReading comprehension _vEvaluation. |
||
| 650 |
_aReading _vRemedial teaching. |
||
| 650 |
_aReading programs _vEffectiveness. |
||
| 650 |
_aEducational tests and measurements _vPretest and posttest. |
||
| 942 |
_2lcc _cPASS |
||
| 999 |
_c98025 _d98025 |
||